Podnikanie v malých a stredných podnikoch vybrané problémy
Guardado en:
| Autor principal: | |
|---|---|
| Autor Corporativo: | |
| Otros Autores: | , , , |
| Formato: | Libro |
| Lenguaje: | eslovaco |
| Publicado: |
Bratislava
Vydavateľstvo EKONÓM
2019
|
| Edición: | 1. vydanie |
| Materias: | |
| Etiquetas: |
Sin Etiquetas, Sea el primero en etiquetar este registro!
|
MARC
| LEADER | 00000nam a2200000 4500 | ||
|---|---|---|---|
| 001 | 0254411 | ||
| 005 | 20240502074051.7 | ||
| 020 | |a 978-80-225-4610-2 | ||
| 020 | |a 978-80-225-4714-7 | ||
| 041 | 0 | |a slo | |
| 044 | |a SK | ||
| 245 | 1 | 0 | |a Podnikanie v malých a stredných podnikoch |b vybrané problémy |c Sylvia Bukovová, Denisa Gajdová, Andrej Kovalev ; recenzenti: Viera Marková, Gabriela Dubcová |
| 250 | |a 1. vydanie | ||
| 264 | 1 | |a Bratislava |b Vydavateľstvo EKONÓM |c 2019 | |
| 300 | |a 252 s. [13,18 AH] | ||
| 610 | 2 | 0 | |a podnik malý |
| 610 | 2 | 0 | |a podnik stredný |
| 610 | 2 | 0 | |a podnikanie |
| 610 | 2 | 0 | |a podnik rodinný |
| 610 | 2 | 0 | |a podnik sociálny |
| 610 | 2 | 0 | |a prostredie podnikateľské |
| 610 | 2 | 0 | |a podpora podnikania |
| 610 | 2 | 0 | |a marketing |
| 610 | 2 | 0 | |a odmeňovanie |
| 610 | 2 | 0 | |a zamestnanci |
| 610 | 2 | 0 | |a dane z príjmov |
| 610 | 2 | 0 | |a odvody |
| 610 | 2 | 0 | |a dane miestne |
| 610 | 2 | 0 | |a dane z hodnoty pridanej |
| 610 | 2 | 0 | |a Slovensko |
| 610 | 2 | 0 | |a Európska únia |
| 100 | 1 | |a Bukovová, Sylvia, 1959- | |
| 700 | 1 | |a Gajdová, Denisa, 1977- | |
| 700 | 1 | |a Kovalev, Andrej | |
| 700 | 1 | |a Marková, Viera | |
| 700 | 1 | |a Dubcová, Gabriela, 1968- | |
| 710 | 2 | |a Ekonomická univerzita v Bratislave. Fakulta podnikového manažmentu | |